| 000 | 00708nam a2200217Ia 4500 | ||
|---|---|---|---|
| 003 | OSt | ||
| 005 | 20250915151338.0 | ||
| 008 | 220926b |||||||| |||| 00| 0 eng d | ||
| 037 | _cReference | ||
| 040 |
_aRTL _cRTL _beng |
||
| 041 |
_2eng _aeng |
||
| 084 |
_aRxK46:g G7/SC _qRTL |
||
| 100 |
_aRussell, Bertrand _9371067 |
||
| 245 | 0 | _aA Critical exposition of the philosophy of Leibniz | |
| 260 |
_aLondon _bGeorge Allen and Unwind Ltd. _c1937 |
||
| 300 |
_axxii, 311 p. _bIncludes bibliographical reference and index |
||
| 650 |
_aCritical philosophy _9821434 |
||
| 650 |
_aModern philosophy _9821435 |
||
| 942 |
_hRxK46:g G7/SC _cREF _2CC _n0 |
||
| 999 |
_c691310 _d691310 |
||